Pengurusan masa kini / (Record no. 2789)
[ view plain ]
| 000 -LEADER | |
|---|---|
| fixed length control field | nam a22 a 4500 |
| 003 - CONTROL NUMBER IDENTIFIER | |
| control field | AKMAL |
| 005 - DATE AND TIME OF LATEST TRANSACTION | |
| control field | 20170518085457.0 |
| 008 - FIXED-LENGTH DATA ELEMENTS--GENERAL INFORMATION | |
| fixed length control field | 170518s1994 my 00 may d |
| 020 ## - INTERNATIONAL STANDARD BOOK NUMBER | |
| International Standard Book Number | 9676104345 (kkt.): |
| Terms of availability | RM 10.00 |
| 039 #9 - LEVEL OF BIBLIOGRAPHIC CONTROL AND CODING DETAIL [OBSOLETE] | |
| Level of rules in bibliographic description | 200804181002 |
| Level of effort used to assign nonsubject heading access points | fadilah |
| Level of effort used to assign subject headings | 200804170954 |
| Level of effort used to assign classification | sahril |
| 040 ## - CATALOGING SOURCE | |
| Original cataloging agency | AKMAL |
| Transcribing agency | AKMAL |
| 049 ## - LOCAL HOLDINGS (OCLC) | |
| Holding library | klpmal |
| 082 04 - DEWEY DECIMAL CLASSIFICATION NUMBER | |
| Classification number | 650 WAN |
| Edition number | 22 |
| 090 ## - LOCALLY ASSIGNED LC-TYPE CALL NUMBER (OCLC); LOCAL CALL NUMBER (RLIN) | |
| Classification number (OCLC) (R) ; Classification number, CALL (RLIN) (NR) | 650 |
| Local cutter number (OCLC) ; Book number/undivided call number, CALL (RLIN) | WAN |
| 090 20 - LOCALLY ASSIGNED LC-TYPE CALL NUMBER (OCLC); LOCAL CALL NUMBER (RLIN) | |
| Classification number (OCLC) (R) ; Classification number, CALL (RLIN) (NR) | 650 |
| Local cutter number (OCLC) ; Book number/undivided call number, CALL (RLIN) | WAN |
| 100 1# - MAIN ENTRY--PERSONAL NAME | |
| Personal name | Wan Azmi Ramli, |
| Dates associated with a name | 1939- |
| 9 (RLIN) | 4098 |
| 245 10 - TITLE STATEMENT | |
| Title | Pengurusan masa kini / |
| Statement of responsibility, etc. | Wan Azmi Ramli |
| 250 ## - EDITION STATEMENT | |
| Edition statement | Ed. keempat |
| 260 ## - PUBLICATION, DISTRIBUTION, ETC. | |
| Place of publication, distribution, etc. | Kuala Lumpur : |
| Name of publisher, distributor, etc. | Utusan Publications & Distributors, |
| Date of publication, distribution, etc. | 1994 |
| 300 ## - PHYSICAL DESCRIPTION | |
| Extent | 432ms. : |
| Other physical details | il. ; |
| Dimensions | 21cm |
| 440 ## - SERIES STATEMENT/ADDED ENTRY--TITLE | |
| Title | Siri pengurusan dan pentadbiran Utusan |
| 9 (RLIN) | 480 |
| 500 ## - GENERAL NOTE | |
| General note | Pinjaman Tetap Timbalan Pengarah Bahagian Pemuliharan (001512481)(001512482) |
| 504 ## - BIBLIOGRAPHY, ETC. NOTE | |
| Bibliography, etc. note | Bibliografi: ms. 430-432 |
| 650 00 - SUBJECT ADDED ENTRY--TOPICAL TERM | |
| Topical term or geographic name entry element | Management |
| 9 (RLIN) | 1462 |
| 942 ## - ADDED ENTRY ELEMENTS (KOHA) | |
| Source of classification or shelving scheme | |
| Koha item type | Book |
| Withdrawn status | Lost status | Source of classification or shelving scheme | Damaged status | Not for loan | Collection code | Home library | Current library | Date acquired | Inventory number | Total Checkouts | Full call number | Barcode | Date last seen | Price effective from | Koha item type |
|---|---|---|---|---|---|---|---|---|---|---|---|---|---|---|---|
| NON-FICTION | AKMAL Melaka | AKMAL Melaka | 18.05.2017 | 001527 | 650 WAN | 201703589 | 18.05.2017 | 18.05.2017 | Book | ||||||
| NON-FICTION | AKMAL Melaka | AKMAL Melaka | 19.05.2017 | 001518 | 650 WAN | 201703790 | 19.05.2017 | 19.05.2017 | Book |
